| 000 | 00529nam a2200193Ia 4500 | ||
|---|---|---|---|
| 008 | 191130s2008##################000#0#eng## | ||
| 020 | _a9781408100196 | ||
| 040 |
_aACL _cACL |
||
| 082 | _a370.114 BAG | ||
| 100 | _aBage, Grant | ||
| 245 |
_aPrison break ! _cGrant Bage and Jane Turner |
||
| 260 |
_aLondon _bA & C Black _c2008 |
||
| 300 | _a32 p.: col.ill | ||
| 650 | _aPhilosophy, theories, general aspects | ||
| 700 | _aTurner, Jane | ||
| 990 | _aba3ad4c6ac10000c301e49c67a5f1cb7 | ||
| 991 | _a350927 | ||
| 999 |
_c43846 _d43846 |
||